000 00945nam a22003137a 4500
003 CHAP
005 20220329133752.0
008 971013s1965 r 00010 d
010 _a10612
011 _a11584
035 _a10823
040 _cCHAP
082 _a336
_bC2Y
100 0 0 _aEckstein, Otto.
_935114
245 _aFinanzas públicas
260 _aMéxico :
_bUTEHA,
_c1965
300 _a248 p
490 _aManuales UTEHA
_v; 298/298a
590 _aBATCH-UPD
_b10
_c20130110
_lUCH01
_h1728
590 _aBATCH-UPD
_b10
_c20130410
_lUCH01
_h1110
590 _aBATCH-UPD
_b10
_c20130914
_lUCH01
_h1408
590 _aCONVERSION
_b10
_c20130109
_lUCH01
_h1307
650 1 4 _aFinanzas públicas.
_940953
830 0 _aManuales UTEHA
_v; 298/298a
_970712
901 _aBK
942 _cLIBRO
949 _a336 C2Y
_bBC
_cLIBRO
_d-22763
_eLIBRO
_h17588
_i10823
_si
_t25.00
949 _a336 C2Y
_bBC
_cLIBRO
_d-22764
_eLIBRO
_fc.2
_h17589
_i10823
_si
_t25.00
999 _c10612
_d10612